| 000 | 00380nam a22001457a 4500 | ||
|---|---|---|---|
| 082 | _aP-637 | ||
| 245 | _aDevelopment of engineer support planer calculator (2nd version) | ||
| 260 |
_aRisalpur, _bMCE, _c2015. |
||
| 300 | _a128p. | ||
| 526 |
_a0 _b0 _c0 _dP_637 |
||
| 526 |
_a0 _b0 _c0 _dP_637 |
||
| 526 |
_a0 _b0 _c0 _dP_637 |
||
| 700 |
_aCol Dr Shahid iqbal _947677 |
||
| 942 |
_2ddc _cBK |
||
| 999 |
_c553554 _d553554 |
||